[Event "Herzliya op"]
[Site "Herzliya"]
[Date "2008.09.10"]
[Round "7"]
[White "Hertz, Yaniv"]
[Black "Liasko, Ekaterina"]
[Result "1-0"]
[WhiteElo "2013"]
[BlackElo "1978"]
[PlyCount "139"]
[EventDate "2008.09.02"]
[EventType "swiss"]
[EventRounds "9"]
[EventCountry "ISR"]
[SourceTitle "CBM 126 Extra"]
[Source "ChessBase"]
[SourceDate "2008.11.05"]
[SourceVersion "1"]
[SourceVersionDate "2008.11.05"]
[SourceQuality "1"]

1. d4 d5 2. Nc3 Nf6 3. Bg5 Nbd7 4. f3 e6 5. e4 dxe4 6. fxe4 Be7 7. Nf3 h6 8. Bf4 Bb4 9. Bd3 0-0 10. 0-0 c5 11. Bd6 Re8 12. Nb5 Qb6 13. a3 c4 14. Nc7 cxd3 15. Nxe8 Bxd6 16. Nxd6 Qxd6 17. e5 Nxe5 18. dxe5 Qb6+ 19. Kh1 dxc2 20. Qxc2 Nd5 21. Qa4 Qd8 22. Qd4 Bd7 23. Nd2 Qb6 24. Qxb6 Nxb6 25. Rac1 Bc6 26. Nb3 Rd8 27. Rfd1 Rxd1+ 28. Rxd1 Nc4 29. Rd8+ Kh7 30. Nd4 Bd5 31. Nb5 Nxe5 32. Nxa7 Nc4 33. Rd7 Kg6 34. Nc8 Kf6 35. Nd6 Nxd6 36. Rxd6 Ke7 37. Rb6 Bc6 38. b4 Kd7 39. a4 Kc7 40. a5 h5 41. Kg1 g6 42. Kf2 g5 43. g3 f6 44. Ke3 h4 45. gxh4 gxh4 46. Kf4 f5 47. Ke5 Bd5 48. Rb5 h3 49. Rc5+ Kd7 50. b5 f4 51. b6 f3 52. Rc7+ Kd8 53. Rf7 Ke8 54. Rf4 Kd7 55. Rb4 f2 56. Rf4 Kc6 57. Rxf2 Kb5 58. Kd6 Kxa5 59. Kc5 Ka4 60. Rb2 Ka3 61. Re2 Bg2 62. Rxe6 Kb3 63. Kd6 Kb4 64. Kc7 Kc5 65. Re5+ Kd4 66. Re8 Kd3 67. Kd6 Kd2 68. Re5 Kd3 69. Kc5 Kc3 70. Re3+ 1-0

[Event "Moscow Petrosian Memorial U18"]
[Site "Moscow"]
[Date "2007.01.??"]
[Round "6"]
[White "Dolbnia, Dmitry"]
[Black "Liasko, Ekaterina"]
[Result "0-1"]
[WhiteElo "2062"]
[BlackElo "1928"]
[PlyCount "58"]
[EventDate "2007.01.??"]
[EventType "swiss"]
[EventRounds "9"]
[EventCountry "RUS"]
[SourceTitle "EXT 2008"]
[Source "ChessBase"]
[SourceDate "2007.11.25"]
[SourceVersion "1"]
[SourceVersionDate "2007.11.25"]
[SourceQuality "1"]

1. e4 c5 2. Nf3 Nc6 3. Bb5 a6 4. Bxc6 dxc6 5. h3 Qc7 6. b3 e5 7. Bb2 Bd6 8. d3 Nf6 9. Nbd2 b5 10. Qe2 0-0 11. Nf1 Rb8 12. Ne3 Re8 13. 0-0 Nh5 14. Qd2 Nf4 15. Rfe1 f6 16. Nh4 Bf8 17. Bc3 Be6 18. Nhf5 Bxf5 19. Nxf5 g6 20. Ne3 Qf7 21. a4 f5 22. axb5 axb5 23. Nf1 Bg7 24. Ra6 c4 25. bxc4 bxc4 26. Rxc6 cxd3 27. cxd3 Rbd8 28. exf5 Qd5 29. Ne3 Qxc6 0-1

[Event "Moscow Petrosian Memorial U18"]
[Site "Moscow"]
[Date "2007.01.??"]
[Round "5"]
[White "Liasko, Ekaterina"]
[Black "Ustinov, Alexey"]
[Result "1-0"]
[WhiteElo "1928"]
[BlackElo "1986"]
[PlyCount "61"]
[EventDate "2007.01.??"]
[EventType "swiss"]
[EventRounds "9"]
[EventCountry "RUS"]
[SourceTitle "EXT 2008"]
[Source "ChessBase"]
[SourceDate "2007.11.25"]
[SourceVersion "1"]
[SourceVersionDate "2007.11.25"]
[SourceQuality "1"]

1. e4 c5 2. Nc3 e6 3. Nge2 Nc6 4. g3 g6 5. Bg2 Bg7 6. d3 Nge7 7. Be3 b6 8. Qd2 Bb7 9. Bh6 0-0 10. Bxg7 Kxg7 11. h4 Nd4 12. h5 Ng8 13. g4 d5 14. 0-0-0 Nxe2+ 15. Qxe2 d4 16. Nb1 Qg5+ 17. Nd2 Nf6 18. Rdg1 Qxg4 19. Bf3 Qf4 20. e5 Nd5 21. Rg4 Qf5 22. Rhh4 Rab8 23. Qe1 Nb4 24. Bxb7 Rxb7 25. f4 h6 26. Ne4 Rd7 27. a3 Nxd3+ 28. cxd3 Kh8 29. hxg6 fxg6 30. Rxh6+ Kg7 31. Rgh4 1-0

[Event "Moscow Petrosian Memorial U18"]
[Site "Moscow"]
[Date "2007.01.??"]
[Round "8"]
[White "Liasko, Ekaterina"]
[Black "Voronkov, Ilia"]
[Result "0-1"]
[WhiteElo "1928"]
[BlackElo "2038"]
[PlyCount "164"]
[EventDate "2007.01.??"]
[EventType "swiss"]
[EventRounds "9"]
[EventCountry "RUS"]
[SourceTitle "EXT 2008"]
[Source "ChessBase"]
[SourceDate "2007.11.25"]
[SourceVersion "1"]
[SourceVersionDate "2007.11.25"]
[SourceQuality "1"]

1. e4 e5 2. Nf3 Nc6 3. Bb5 a6 4. Ba4 Nf6 5. 0-0 Be7 6. Re1 b5 7. Bb3 d6 8. c3 0-0 9. h3 Nb8 10. d4 Nbd7 11. Nbd2 Bb7 12. Bc2 Re8 13. Nf1 Bf8 14. Ng3 g6 15. a4 c5 16. Bg5 h6 17. Bd2 Bg7 18. d5 c4 19. Be3 Nc5 20. Bxc5 dxc5 21. axb5 axb5 22. Rxa8 Bxa8 23. Qa1 Bb7 24. Qa3 Qb6 25. b4 Bf8 26. Qb2 cxb4 27. cxb4 Nd7 28. Ra1 Bd6 29. Ne2 Nb8 30. Nc3 Na6 31. Ra5 Nc7 32. Nd2 Ra8 33. Rxa8+ Bxa8 34. Nf3 Na6 35. Na2 Qc7 36. Nc3 Qb8 37. Na2 Bb7 38. Bb1 Bc8 39. Bc2 Bd7 40. Qa3 Qb7 41. Qb2 f6 42. Qa3 Be8 43. Qa5 Nc7 44. Qa3 Qa8 45. Qb2 Kg7 46. Nh2 Qa7 47. Nf3 Bd7 48. Nc3 Qa8 49. Na2 Kf7 50. Bb1 h5 51. Kh1 Qf8 52. Qa3 Qh8 53. Kg1 Qh6 54. Qa7 Qf4 55. Qa3 h4 56. Nc3 Qh6 57. Na2 Ke7 58. Qc3 Bc8 59. Qb2 Qh5 60. Nc3 Bxh3 61. gxh3 Qxf3 62. Kh2 g5 63. Qd2 Bxb4 64. d6+ Bxd6 65. Bc2 b4 66. Nd5+ Nxd5 67. Qxd5 Qxf2+ 68. Kh1 Qd4 69. Qb7+ Kd8 70. Qa8+ Kc7 71. Ba4 Qc5 72. Qe8 b3 73. Qd7+ Kb6 74. Qd8+ Bc7 75. Qxf6+ Ka5 76. Be8 b2 77. Qf1 Qb4 78. Qb1 Qa3 79. Qe1+ Ka6 80. Kh2 Qg3+ 81. Qxg3 hxg3+ 82. Kxg3 b1Q 0-1